Science Quiz

Random Science or Biology Quiz

Biology 100 Quiz Stats

Quiz not verified by Sporcle

Challenge
Share
Tweet
Embed
Score 0/22 Timer 20:00
0 Plays Today
% Correct
hydrogen
70.4%
fat
37%
Pasta
25.9%
glucose
18.5%
all of these
14.8%
Amino Acids
14.8%
all of these
14.8%
amino acids
14.8%
carbohydrates
14.8%
all of these
14.8%
dehydration
14.8%
% Correct
Hydrocarbon chains
11.1%
false
11.1%
True
11.1%
glycogen in muscles and the liver
7.4%
Unsaturated is double-bonded, Saturated is not
7.4%
Olive oil
7.4%
The pear is healthier.
7.4%
Vitamin C
7.4%
Vitamin D
7.4%
help enzymes function properly
3.7%
ATP
3.7%

You're not logged in!

Compare scores with friends on all Sporcle quizzes.
Sign Up with Email
OR
Log In

You Might Also Like...

Show Comments

Extras

Top Quizzes Today


Score Distribution

Your Account Isn't Verified!

In order to create a playlist on Sporcle, you need to verify the email address you used during registration. Go to your Sporcle Settings to finish the process.

Report this User

Report this user for behavior that violates our Community Guidelines.

Details: